000 00403nam a2200157Ia 4500
005 20250508152648.0
008 008 250505s9999 xx 000 0 hin d
037 _aReference
040 _aFEDL
_beng
_cFEDL
041 _ahin
_2eng
084 _a491.25, KAL
_qFEDL
100 _aKale M R
245 0 _aHigher sanskrit grammar
942 _cREF
_h491.25, KAL
999 _c1337870
_d1337870